000 00784cam a2200253 a 4500
001 000009856
005 20200929161731.0
008 790716s1994 mx 000 j spa
020 _a968674102X
035 _a(DLC) 79104495
040 _aDO-SdBNP
_bspa
_cDLC
_dBNPHU
082 _aCu863.44
_bC268c, 1994
100 1 _aCardoso, Onelio Jorge,
_d1914-1986.
_924788
245 1 0 _aCuentos /
_cOnelio Jorge Cardoso ; prólogo, Mónica Mansour.
250 _a3a ed.
260 _aMéxico :
_bInstituto Cubano del Libro,
_c1994.
300 _a188 p. ;
_c20 cm.
500 _aUn Libro para Cuba
650 4 _aNovela cubana
_92316
650 4 _aLiteratura cubana
_ySIGLO XX
_99186
700 1 _aMansour, Mónica,
_epról.
_924789
910 _aCatalogación por copia / LC
049 _aBNGR
999 _c9615
_d9615